00439nam a22001577a 450000500170000001000150001702000260003203500140005803700130007208200130008510000170009824500600011526000420017527000420021730000220025920170425152442.0 aENG-117950 a9789382632061c475.00 aEN-101482 bDBAD/PUB a305.5122 aSaraf, Rittu aCaste and caste conflict in rural society /cRitu Saraf aAllahabadbAprajita Publicationc2015 a5, Khusrobagh RoadbAllahabade211001 av,152p.c21cm(Hb)